000 00636nam a2200217Ia 4500
003 GCL
008 140319s9999 xx 000 0 ara d
020 _a0064902977
040 _aGCL /
_cGCL
082 0 4 _a001.5
_bا ا
100 1 _aاحمد طاهر
245 1 0 _aالاعلام الدولى /
_cاحمد طاهر
260 _aالقاهرة :
_bدار المعارف
300 _a235 ص ؛
_c24 سم
650 0 4 _aالعلاقات الخارجية
650 0 4 _aوسائل الاعلام
650 0 4 _aالاعلام الدولى
650 0 4 _aالاذاعة
650 0 4 _aالدعاية الدولية
942 _2ddc
_cBK
999 _c7150
_d7150